Carregant...

Personnel System for development administration

Dades bibliogràfiques
Autor principal: Pa Panandiker,V.A
Format: Printed Book
Idioma:English
Publicat: Bombay Popular Prakashan Popular Prakashan 1966
LEADER 00508nam a22001457a 4500
003 OSt
008 101106t xxu||||| |||| 00| 0 eng d
080 |a 35.08(540)  |b PAI 
100 |a Pa Panandiker,V.A.  |9 17529 
245 |a Personnel System for development administration 
260 |a Bombay Popular Prakashan  |b  Popular Prakashan  |c 1966 
300 |a 236p. 
942 |c BK  |6 _ 
999 |c 195850  |d 195850 
952 |0 0  |1 0  |4 0  |6 3508540_PAI  |7 0  |8 GEN  |9 251641  |a SLS  |b SLS  |d 2010-11-06  |o 35.08(540) PAI  |p SLS004215  |r 2010-11-06  |t 1  |w 2010-11-06  |y BK